Mountain Ranges Quiz Stats

 Plays Quiz Updated Oct 2, 2018

Also try: Mountain Countries
Challenge
Share
Tweet
Score 0/42 Timer 09:00
3 Plays Today
Range % Correct
Rocky Mountains
89.4%
Alps
81.7%
Andes
81.2%
Himalayas
76.8%
Appalachian Mountains
64.9%
Ural Mountains
56.3%
Pyrenees
48.4%
Sierra Nevada
48.1%
Atlas Mountains
43%
Cascade Range
32.5%
Caucasus Mts.
28.9%
Alaska Range
26.7%
Carpathians
26.3%
Apennines
24.4%
Scandinavian Mountains
23.7%
Hindu Kush
21.6%
Great Dividing Range
20.9%
Ethiopian Highlands
20.8%
Coast Mountains
20%
Sierra Madre Occidental
19.1%
Brazilian Highlands
18.4%
Range % Correct
Sierra Madre Oriental
18.4%
Western Ghats
16.7%
Mackenzie Mountains
16.4%
Eastern Ghats
16.3%
New Guinea Highlands
15.6%
Tien Shan
15.3%
Zagros
14.6%
Altai Shan
13.7%
Karakoram
12.9%
Trans-Antarctic Mountains
11.4%
Mitumba Mountains
11.1%
Elburz
10.5%
Kunlun Mts.
10.3%
Barisan Mountains
9.6%
Sayan Mountains
8.4%
Cherskiy Range
8.1%
Stanovoy Range
7.2%
Yablonovy Range
6.8%
Greater Khingan Range
6.8%
Verkhoyansk Range
6.5%
Sikhote Alin Range
6.3%

You're not logged in!

Compare scores with friends on all Sporcle quizzes.
OR
Log In

You Might Also Like...

Show Comments

Extras

Top Quizzes Today


Score Distribution

Your Account Isn't Verified!

In order to create a playlist on Sporcle, you need to verify the email address you used during registration. Go to your Sporcle Settings to finish the process.

Report this User

Report this user for behavior that violates our Community Guidelines.

Details: